000 00507nam a2200157 i 4500
001 149899
003 ES-MaACL
005 20230906203313.0
007 t|
008 071025s1951 sp ||||1| spa d
100 1 _aVandeperre, Lucien J.
_9113058
245 1 3 _aEl cálculo de las construcciones soldadas /
_cLucien J. Vandeperre ; traducción del francés por Benigno Ferrer.
260 _aMadrid :
_bAguilar,
_c[1951]
300 _aXVI, 397 p. :
_bil. ;
_c22 cm.
852 _aES-MaACL
_jC-16894
_bR.45165
999 _c149899
_d149899